Boleto de compraventa. Adquisición del dominio. Indivisibilidad impropia e incumplimiento de la obligación de escriturar.
সংরক্ষণ করুন:
| প্রধান লেখক: | |
|---|---|
| অন্যান্য লেখক: | |
| বিন্যাস: | গ্রন্থ |
| ভাষা: | ইংরেজি |
| প্রকাশিত: |
Buenos Aires, Argentina:
Astrea,
1982.
|
| বিষয়গুলি: | |
| ট্যাগগুলো: |
ট্যাগ যুক্ত করুন
কোনো ট্যাগ নেই, প্রথমজন হিসাবে ট্যাগ করুন!
|
MARC
| LEADER | 00000nam a22000007a 4500 | ||
|---|---|---|---|
| 003 | CL-VaPUC | ||
| 005 | 20231116113923.0 | ||
| 008 | 231107t1982 ||||| |||| 00| 0 eng d | ||
| 999 | |c 442314 |d 442312 | ||
| 020 | |a 950-008-019-2 | ||
| 040 | |c Pontificia Universidad Católica de Valparaíso | ||
| 082 | |2 22 |a 346.0437 ROC 1982 | ||
| 100 | |9 885589 |a Rocco, Emma Adelaida |e autora | ||
| 245 | |a Boleto de compraventa. |b Adquisición del dominio. Indivisibilidad impropia e incumplimiento de la obligación de escriturar. | ||
| 260 | |a Buenos Aires, Argentina: |b Astrea, |c 1982. | ||
| 300 | |a XXXII, 213 páginas. | ||
| 500 | |a c.1 Donación del Profesor Jorge López Santa María. MEMO N° 040. 20/10/2023 | ||
| 583 | |c 20231107 |k Yessy Sthefany Diaz Vidal | ||
| 650 | 0 | |9 328248 |a Derecho de las obligaciones |x Derecho comparado | |
| 650 | 0 | |9 256450 |a Derecho de propiedad |x Bienes inmuebles |x Código CIivil |z Argentina | |
| 650 | 0 | |9 385168 |a Prestaciones |x Derecho comparado | |
| 700 | |9 885590 |a Bueres, Alberto J. |e prólogo | ||
| 942 | |2 ddc |c BK | ||
| 952 | |0 0 |1 0 |2 ddc |4 0 |6 346_043700000000000_ROC_1982 |7 0 |8 A |9 592283 |a BIBDER |b BIBDER |c GEN |d 2023-11-07 |e Donación |i 5659291 |o 346.0437 ROC 1982 |p 5659291 |r 2023-11-07 |t 1 |w 2023-11-07 |y BK |k DER | ||